000 00796nam a2200217Ia 4500
999 _c37565
_d37565
001 3534
003 GE_BSU
005 20190603163638.0
008 181216s1965||||ge |||||||||||||| ||geo||
040 _cGE_BSU
041 _ageo
080 _a159.9(075.8)+007(075.8) ბ-89
100 _aბჟალავა,ი.
_92011
245 _aფსიქოლოგია და კიბერნეტიკა : სახელმძღვ. /
_cი. ბჟალავა.
264 _aთბილისი :
_bგანათლება,
_c1965.
300 _a374 გვ .:
_c22 სმ.
_bილ. და ცხრილ.
504 _aბიბლიოგრ.: გვ.362-370
653 _aფსიქოლოგია
653 _aკიბერნეტიკა
942 _cBK
_2udc